| 000 | 00612nam a22001815i 4500 | ||
|---|---|---|---|
| 001 | 171835 | ||
| 003 | ES-MaACL | ||
| 005 | 20250930063150.0 | ||
| 008 | 090602s1935 xxk |||| | eng d | ||
| 100 | 1 |
_aSolov'iov, Vladimir Sergueevich, _d1853-1900 _9140456 |
|
| 245 | 1 | 0 |
_aPlato / _cVladimir Soloviev ; translated from the russian by Richard Gill ; with a note on Solovyev by Janko Lavrin. |
| 260 |
_aLondon : _bStanley Nott, _c1935. |
||
| 300 |
_a83 p. ; _c23 cm. |
||
| 700 | 1 |
_aGill, Richard. _9140458 |
|
| 700 | 0 |
_aLavrin, Janko. _970733 |
|
| 852 |
_aES-MaACL _jA-4319 |
||
| 999 |
_c171835 _d171835 |
||